000 00321 a2200109 4500
001 ART_10080
005 20260410161847.0
008 260409a
245 1 0 _aLa investigación de empresas ayer y hoy
100 1 _aSchneider, Erich
773 0 _tEconómica
_g- Año XII, Nº 38 (ene./abr.1967)
_wREV7541
999 _c24685
_d24685